Citations Seigneur des Anneaux #1 - Statistiques

Statistiques générales
  • Ce quiz a été pris 338 fois
  • Le résultat moyen est 10 sur 15
Statistiques - réponses
Hint Réponse % Correct
« Vous ne passerez pas » Gandalf
100%
« Le Mordor, Gandalf, c’est à gauche ou à droite ?» Frodon
92%
« Vous trouvez vous un marchepied, ou dois-je tout vous décrire ? » Legolas
87%
« -Vous avez besoin de gens intelligents pour ce genre de mission… quête… chose. (Pippin) -Bon alors cela te met hors course Pippin. » Merry
79%
« Vous n’allez pas traverser le Mordor nu comme un ver ! » Sam
77%
« Et le Rohan répondra ! » Théoden
75%
« Nombreux sont les vivants qui mériteraient la mort, et les morts qui mériteraient la vie. Pouvez-vous la leur rendre. Non, alors ne soyez pas trop prompt à dispenser mort et jugement. » Gandalf
71%
« Non, tu n’as pas d’ami, personne ne t’aime. Je n’entends rien, je n’entends rien ! » Gollum
71%
« Ma place est auprès de mon peuple ! » Boromir
64%
« C’est une étrange fatalité que nous devions éprouver tant de peur et de doutes pour une si petite chose. » Boromir
62%
« Même la plus petite personne peut changer le cours de l'histoire » Galadriel
58%
« Mais vous faîtes partie de ce monde ! » Merry
53%
« Ça pourrait être de la famille… » Pippin
53%
« Ce n’est pas bien. Vous ne tuerez pas beaucoup d’orcs avec une lame émoussée… » Eowyn
44%
« Je ne crois pas à ses dires ! » Aragorn
38%
Aucun quiz correspondant
Distribution des résultats
% des personnes avec chaque résultat
Percentile par nombre de réponses
Votre historique - résultats
Vous n’avez pas pris ce quiz